00354nam a2200145Ia 4500008004100000020001500041041001200056082001600068100001500084245004400099260002900143300000800172650001500180700001300195221030s9999 xx 000 0 und d a8189547089 aEnglish a105.23bSur aR. K. Suri 0aOrganisational Behaviour : Text & Cases bWisdom Pub.aDelhic2005 a619 aManagement aS. Verma